| 000 | 00754nam a2200253 a 4500 | ||
|---|---|---|---|
| 001 | 000021352 | ||
| 005 | 20200930011316.0 | ||
| 008 | 100906s1995 sp 000 f spa d | ||
| 020 | _a8420646792 | ||
| 040 |
_aDO-SdBNP _bspa _cBNPHU |
||
| 082 |
_a833.9 _bH587a |
||
| 100 | 1 |
_aHesse, Hermann, _b1877-1962 _93301 |
|
| 245 | 1 | 0 |
_aAlma infantil ; mes de julio / _cHermann Hesse ; traducción de Manuel Olasagasti. |
| 260 |
_aMadrid : _bAlianza, _c1995. |
||
| 300 |
_a96 p. ; _c15 cm. |
||
| 490 | 1 |
_aAlianza cien _v79 |
|
| 650 | 4 |
_aNovela alemana _93302 |
|
| 650 | 4 |
_aLiteratura alemana _ySIGLO XX _912939 |
|
| 700 | 1 |
_aOlasagasti, Manuel, _etr. _913318 |
|
| 740 | 0 | 2 | _aMes de Julio |
| 830 | 0 |
_aAlianza cien ; _v79 _912832 |
|
| 910 | _aWM | ||
| 049 | _aBNGR | ||
| 999 |
_c20852 _d20852 |
||